Statistics for Bible Stories #1

Click here to take the quiz!

General Stats

  • This quiz has been taken 15,147 times
  • The average score is 14 of 20

Answer Stats

Hint Answer % Correct
Noah builds this shipThe Ark
96%
Jesus turns water into thisWine
94%
God parts this sea so that the Israelites may crossThe Red Sea
93%
Jesus is born in this cityBethlehem
93%
Judas betrays Jesus for thirty pieces of thisSilver
88%
David uses this weapon to best the mighty GoliathSling
87%
This man is swallowed by a great fishJonah
86%
God speaks to Moses in the form of thisBurning Bush
84%
This city tries to build a tower to the heavensBabel
75%
Joshua circles this city and the walls came tumbling downJericho
74%
Daniel spends a harrowing night in this placeThe Lion's Den
72%
This king builds the first templeSolomon
71%
This skeptical person touches Jesus's woundsThomas
70%
God allows Satan to torment this man to test his faithJob
64%
Esau sells his birthright to this personJacob
60%
This holy man survives on a diet of locusts and honeyJohn the Baptist
59%
Israelites worship this idol while Moses is goneGolden Calf
54%
Samson slays entire army using this part of a donkeyJawbone
47%
The Israelites often fight this tribe, of whom Goliath is a memberPhilistines
45%
Bears maul children who mock the baldness of this holy manElisha
25%

Score Distribution

Percentile by Number Answered

Percent of People with Each Score

Your Score History

You have not taken this quiz